000 00471nam a2200193Ia 4500
005 20240613092351.0
008 131103s9999 xx 000 0 und d
040 _aLoreto College
041 _aEnglish
082 _a574
_bSCA
100 _aFieldhouse, John
245 4 _aThe scarlet runner
_cJohn Fieldhouse
260 _aLondon
_bLongmans
_c1966
300 _a38p.
_b ill.
440 _aDiscovery programmes
650 _aBiology
850 _aLCBED
942 _cBK
999 _c28572
_d79051